100 Biggest Cities in the United States in 1800 with a Map - Statistics

General Stats
  • This quiz has been taken 750 times
    389 since last reset
  • The average score is 31 of 100
Answers on the Map
Answers color-coded by a green-red scale on the quiz's map according to % correct below.
 
Answer Stats
Population State City % Correct
60,515 NY New York City
99%
24,937 MA Boston
96%
41,220 PA Philadelphia
96%
26,514 MD Baltimore
94%
3,210 DC Washington
93%
5,289 NY Albany
88%
7,614 RI Providence
86%
5,737 VA Richmond
85%
18,824 SC Charleston
84%
4,500 NJ Newark
82%
5,347 CT Hartford
81%
5,157 CT New Haven
79%
5,146 GA Savannah
72%
6,926 VA Norfolk
71%
3,704 MA Portland
71%
9,457 MA Salem
65%
4,066 DE Wilmington
63%
4,971 DC Alexandria
61%
6,739 RI Newport
61%
5,617 MA Nantucket
58%
3,524 MA Plymouth
56%
4,352 CT Stamford
55%
4,292 PA Lancaster
51%
5,339 NH Portsmouth
50%
5,150 CT New London
49%
5,289 NY Schenectady
42%
4,361 MA New Bedford
41%
5,313 MA Gloucester
38%
10,718 PA Northern Liberties
38%
3,256 CT Waterbury
38%
2,776 MA York
38%
3,180 CT Danbury
36%
2,993 DC Georgetown
35%
2,837 MA Lynn
35%
5,146 CT Norwalk
35%
3,476 CT Norwich
34%
3,521 VA Petersburg
33%
2,722 CT Bristol
32%
3,047 CT Greenwich
31%
2,964 MA Barnstable
28%
4,076 MA Newbury
24%
9,621 PA Southwark
24%
3,860 MA Taunton
24%
3,735 CT Fairfield
23%
3,057 CT East Hartford
21%
4,302 CT Groton
21%
5,946 MA Newburyport
21%
5,001 CT Middletown
20%
2,751 MA Charlestown
19%
3,305 MA Ipswich
18%
5,211 MA Marblehead
18%
2,730 MA Haverhill
17%
3,664 NY Hudson
17%
3,363 CT Saybrook
16%
5,437 CT Stonington
16%
4,380 CT Lyme
14%
2,773 CT Windsor
14%
5,200 MA Bridgewater
13%
2,660 MA Dartmouth
13%
4,285 CT Litchfield
13%
2,765 MA Roxbury
13%
3,114 MA Kittery
12%
2,941 MA Andover
11%
3,881 MA Beverly
11%
3,422 MA Falmouth
11%
3,652 CT Lebanon
11%
4,458 MA Middleborough
11%
3,214 CT Wallingford
11%
2,809 CT Farmington
10%
3,120 RI Smithfield
10%
3,438 RI South Kingstown
10%
2,702 CT Berlin
9%
3,163 CT Colchester
9%
4,009 RI Glocester
9%
2,903 CT Newtown
9%
2,794 RI North Kingstown
9%
4,743 MA Rehoboth
9%
2,792 CT Shelton
9%
3,992 CT Wethersfield
9%
3,597 CT Guilford
8%
3,221 CT New Milford
8%
2,728 MA Scituate
8%
2,680 CT Weston
8%
3,692 MA Wells
7%
3,284 MA Brookfield
6%
2,805 CT East Haddam
6%
3,295 CT East Hampton
6%
3,220 PA Germantown
6%
2,718 CT Glastonbury
6%
2,877 MA Harwich
6%
2,717 RI Tiverton
6%
2,766 CT East Windsor
5%
2,735 CT Granby
5%
3,440 CT Preston
5%
2,956 CT Simsbury
5%
2,773 NH Barrington
4%
3,891 MA Berwick
4%
2,686 CT Suffield
4%
3,752 NH Gilmanton
1%
2,695 NH Sanbornton
1%
No matching quizzes found
Score Distribution
Percent of People with Each Score
Percentile by Number Answered
Your Score History
You have not taken this quiz since the last reset